Países con el Español como Idioma Oficial - Estadísticas

Estadísticas generales
  • Esta prueba ha sido intentada 261 veces
    177 desde el último reinicio
  • La puntuación promedio es 19 de 20
Estadísticas de respuestas
Paises % Correcto
Espana
100%
Uruguay
100%
Colombia
99%
Argentina
98%
Chile
97%
Cuba
97%
Mexico
97%
Paraguay
97%
Venezuela
97%
Bolivia
96%
Costa Rica
95%
Guatemala
94%
Honduras
94%
Panama
94%
Peru
94%
República Dominicana
93%
Ecuador
92%
El Salvador
92%
Nicaragua
90%
Guinea Ecuatorial
79%
No se encontraron pruebas coincidentes
Distribución de puntuación
Porcentaje de gente con cada puntuación
Porcentaje por número respondido
Historial de tus puntuaciones
No has intentado esta prueba desde el último reinicio